Antima (Record no. 3974)

MARC details
000 -LEADER
fixed length control field 00407nam a22001817a 4500
003 - CONTROL NUMBER IDENTIFIER
control field OSt
005 - DATE AND TIME OF LATEST TRANSACTION
control field 20260402121551.0
008 - FIXED-LENGTH DATA ELEMENTS--GENERAL INFORMATION
fixed length control field 260402b |||||||| |||| 00| 0 eng d
020 ## - INTERNATIONAL STANDARD BOOK NUMBER
International Standard Book Number 9788194653851
082 ## - DEWEY DECIMAL CLASSIFICATION NUMBER
Classification number 8H1.4337
Item number KAUA
100 ## - MAIN ENTRY--PERSONAL NAME
Personal name Kaul, Manav
245 ## - TITLE STATEMENT
Title Antima
260 ## - PUBLICATION, DISTRIBUTION, ETC.
Place of publication, distribution, etc. New Delhi
Name of publisher, distributor, etc. Hind Yugm
Date of publication, distribution, etc. 2025
300 ## - PHYSICAL DESCRIPTION
Extent 224p
546 ## - LANGUAGE NOTE
Language note Hindi
650 ## - SUBJECT ADDED ENTRY--TOPICAL TERM
Topical term or geographic name entry element Hindi Literature
942 ## - ADDED ENTRY ELEMENTS (KOHA)
Source of classification or shelving scheme Dewey Decimal Classification
Koha item type Book
Holdings
Withdrawn status Lost status Source of classification or shelving scheme Damaged status Not for loan Collection code Home library Current library Shelving location Date acquired Cost, normal purchase price Inventory number Total Checkouts Full call number Barcode Date last seen Price effective from Koha item type
    Dewey Decimal Classification     Non-fiction RIC Library RIC Library Children's Area 04/02/2026 249.00 1921/22.03.2026   8H1.4337 KAUA 003251 04/02/2026 04/02/2026 Book

Venue

Rajasthan International Centre
Sansthan Path,JLN Marg, Jaipur- 302017
Phone: +91-7230904025